header

Towards the sociology of truth (Record no. 157663)

MARC details
000 -LEADER
fixed length control field 01140nam a2200301Ia 4500
082 04 - DEWEY DECIMAL CLASSIFICATION NUMBER
Classification number 306.43
100 1# - MAIN ENTRY--AUTHOR NAME
Personal name Moore, Rob,
245 10 - TITLE STATEMENT
Title Towards the sociology of truth
260 ## - PUBLICATION, DISTRIBUTION, ETC. (IMPRINT)
Place of publication New York :
Name of publisher Continuum International Pub. Group,
Year of publication c2009.
300 ## - PHYSICAL DESCRIPTION
Number of Pages 168 p.
650 #0 - SUBJECT ADDED ENTRY--TOPICAL TERM
Topical Term Knowledge, Sociology of.
Topical Term Educational sociology.
856 40 - ELECTRONIC LOCATION AND ACCESS
Uniform Resource Identifier http://site.ebrary.com/lib/rucke/Doc?id=10329967

No items available.

© 2026 Rongo University
Contact us: librarian | system librarian | Rongo university